000 00502nam a22001817a 4500
003 CEME
005 20210628203344.0
008 210126b xxu||||| |||| 00| 0 eng d
020 _a1-9039-9638-4
040 _c.
082 _a658.403 LON
100 _aLongepe, Christophe
_964931
245 _aThe enterprise architecture it project;the urbanisation pradigm
260 _aLONDON
_bKOGAN PAGE
_c2003
300 _aIX,289P
650 _aENTERPRISE ARCHITECTURE IT PROJECT
_964932
942 _cBK
_2ddc
999 _c573285
_d573285